| 000 | 00449nam a2200181Ia 4500 | ||
|---|---|---|---|
| 005 | 20250423100245.0 | ||
| 008 | 250422s9999 xx 000 0 und d | ||
| 020 | _a0-521-86759-7 | ||
| 050 | _aHG 3881 .C447/ | ||
| 100 | _aFilippo Cesarano | ||
| 245 | 0 | _aMonetary theory and bretton woods | |
| 260 | _aNew York | ||
| 260 | _bCambridge university press | ||
| 260 | _c2006 | ||
| 300 | _a248 p | ||
| 650 | _aInternational Finance | ||
| 942 | _cBK | ||
| 999 |
_c32756 _d32756 |
||